000 01330cam a2200325 a 4500
001 18236270
005 20141210160025.0
008 140722s2014 mau 000 0 eng d
010 _a 2014412417
020 _a9780132838092
020 _a0132838095
035 _a(OCoLC)ocn823044776
040 _aBTCTA
_beng
_cBTCTA
_dYDXCP
_dMOU
_dBWX
_dOCLCF
_dDLC
042 _alccopycat
050 0 0 _aLB 1573.3
_b.F69 2014
100 1 _aFox, Barbara J.
245 1 0 _aPhonics and word study for the teacher of reading :
_bprogrammed for self-instruction /
_cBarbara J. Fox.
250 _a11th ed.
260 _aBoston :
_bPearson,
_cc2014.
300 _ax, 246 pages ;
_c26 cm.
505 0 _aGeneral knowledge and concepts -- Single-letter consonants -- Consonant digraphs and consonant blends -- Vowels -- A review of phonemes -- Onsets and rimes -- Syllable and accent patterns -- Morphemes, prefixes, suffixes, contractions, and compound words.
650 0 _aReading
_xPhonetic method
_vProgrammed instruction.
650 0 _aTeaching
_xAids and devices.
650 7 _aReading
_xPhonetic method.
650 7 _aTeaching
_xAids and devices.
655 7 _aProgrammed instruction.
906 _a7
_bcbc
_ccopycat
_d2
_encip
_f20
_gy-gencatlg
942 _2lcc
_cBK
_kFOR
999 _c276916
_d276916